000 00463nam a2200181Ia 4500
008 230917s9999||||xx |||||||||||||| ||und||
020 _cRS895
040 _e212796
_aMAIN
041 _aEnglish
082 _a589.3 L51P(4)
100 _aLee, Robert Edward
245 0 _aPhycology
250 _a4th. ed.
260 _aCambridge
_bCambridge University Press
_c2012
300 _ax, 547 p.
500 _a4267 25/11/2013 135 04/12/2013 Main Budget
942 _cBK
999 _c34427
_d34427